| Tag |
First Indicator |
Second Indicator |
Subfields |
| LEADER |
00000cam a2200000Ia 4500 |
| 001 |
in00002575781 |
| 005 |
20210727090350.0 |
| 006 |
m d |
| 007 |
cr cn| |
| 008 |
100323s2010 ne s 101 0 eng d |
| 020 |
|
|
|a 9048130433
|
| 020 |
|
|
|a 9789048130436
|
| 035 |
|
|
|a (OCoLC)567353320
|
| 035 |
|
|
|a (OCoLC)ocn567353320
|
| 035 |
|
|
|a 3706500
|
| 037 |
|
|
|a 978-90-481-3042-9
|b Springer
|n http://www.springerlink.com
|
| 040 |
|
|
|a GW5XE
|b eng
|c GW5XE
|d UtOrBLW
|
| 049 |
|
|
|a TXAC
|
| 050 |
|
4 |
|a HE305
|b .H544 2010
|
| 082 |
0 |
4 |
|a 388.4
|2 22
|
| 111 |
2 |
|
|a Highway and Urban Environment Symposium
|n (9th :
|d 2008 :
|c Madrid, Spain)
|
| 245 |
1 |
0 |
|a Highway and urban environment :
|b Proceedings of the 9th Highway and Urban Environment symposium /
|c edited by Sébastien Rauch, Gregory M. Morrison, Andrés Monzón.
|
| 246 |
3 |
|
|a 9HUES
|
| 264 |
|
1 |
|a Dordrecht :
|b Springer,
|c [2010]
|
| 264 |
|
4 |
|c ©2010
|
| 300 |
|
|
|a 1 online resource.
|
| 336 |
|
|
|a text
|b txt
|2 rdacontent
|
| 337 |
|
|
|a computer
|b c
|2 rdamedia
|
| 338 |
|
|
|a online resource
|b cr
|2 rdacarrier
|
| 490 |
1 |
|
|a Alliance for Global Sustainability bookseries, science and technology: Tools for Sustainable Development ;
|v v. 17
|
| 500 |
|
|
|a Electronic resource.
|
| 500 |
|
|
|a Includes index.
|
| 500 |
|
|
|a International conference proceedings.
|
| 533 |
|
|
|a Electronic reproduction.
|b New York :
|c Springer,
|d 2010.
|n Mode of access: World Wide Web.
|n System requirements: Web browser.
|n Title from title screen (viewed on Feb. 18, 2010).
|n Access may be restricted to users at subscribing institutions.
|
| 650 |
|
0 |
|a Air
|x Pollution
|x Research
|v Congresses.
|
| 650 |
|
0 |
|a Sustainable development
|v Congresses.
|0 http://id.loc.gov/authorities/subjects/sh2008111468
|
| 650 |
|
0 |
|a Urban transportation
|x Environmental aspects
|v Congresses.
|
| 655 |
|
7 |
|a Electronic books.
|2 local
|
| 700 |
1 |
|
|a Monzón de Cáceres, Andrés.
|0 http://id.loc.gov/authorities/names/n00006464
|
| 700 |
1 |
|
|a Morrison, Gregory M.
|0 http://id.loc.gov/authorities/names/no2008023968
|
| 700 |
1 |
|
|a Rauch, Sébastien.
|0 http://id.loc.gov/authorities/names/no2008054456
|
| 710 |
2 |
|
|a SpringerLink (Online service)
|0 http://id.loc.gov/authorities/names/no2005046756
|
| 830 |
|
0 |
|a Alliance for Global Sustainability Bookseries, Science and Technology ;
|v v. 17.
|
| 856 |
4 |
0 |
|u http://proxy.library.tamu.edu/login?url=https://dx.doi.org/10.1007/978-90-481-3043-6
|z Connect to the full text of this electronic book
|t 0
|
| 994 |
|
|
|a 92
|b TXA
|
| 999 |
|
|
|a MARS
|
| 999 |
f |
f |
|s 19423178-15cd-35ad-851c-340e64f2418d
|i 37bb338c-2ae3-349b-a8b6-28a4da79dc61
|t 0
|
| 952 |
f |
f |
|a Texas A&M University
|b College Station
|c Electronic Resources
|d Available Online
|t 0
|e HE305 .H544 2010
|h Library of Congress classification
|
| 998 |
f |
f |
|a HE305 .H544 2010
|t 0
|l Available Online
|